000 00483nam a2200181Ia 4500
005 20231216085326.0
008 131103s9999 xx 000 0 und d
040 _aLoreto College
041 _aEnglish
082 _a428
_bLIN
100 _aLines,June
245 _a30 Minutes To Prepare a Job Application,
_cJune Lines
260 _aNew Delhi
_bKogan Page India Private Limited
_c1997
300 _a64 p.
650 _aCommunicative English
850 _aLCLIB
942 _cBK
999 _c19465
_d69944